Score 0/15 Timer 02:00
5 Plays Today
Hint Missing Word % Correct
_____ BoltUsain
95.2%
Somebody That I _____ to KnowUsed
93.7%
20.000 Leagues _____ the SeaUnder
93.3%
Law & Order: Special Victims _____Unit
91.7%
_____ S. GrantUlysses
85.2%
____ Major ConstellationUrsa
72.9%
Walt Disney's _____ ScroogeUncle
70.6%
Almost _____ Trivia - (Sporcle Badge)Useless
69.5%
Hint Missing Word % Correct
Avengers: Age of _____Ultron
63.8%
E Pluribus _____Unum
61.6%
Pope _____ IIUrban
49%
Day of German _____Unity
46.1%
_____ Resource Locator (URL)Uniform
45.1%
Tess of the d'_____Urbervilles
40.2%
_____ Pradesh, IndiaUttar
23.2%

Today's Daily Dose

Remove Ads.
Support Sporcle.
Get the best of Sporcle when you Go Orange. This ad-free experience offers more features, more stats, and more fun while also helping to support Sporcle. Thank you for becoming a member.

You're not logged in!

Compare scores with friends on all Sporcle quizzes.
OR
Log In

Show Comments

Extras

Top Quizzes Today


Score Distribution

Your Account Isn't Verified!

In order to create a playlist on Sporcle, you need to verify the email address you used during registration. Go to your Sporcle Settings to finish the process.

Report this User

Report this user for behavior that violates our Community Guidelines.

Details: